| 000 | 00812nam a22002177a 4500 | ||
|---|---|---|---|
| 005 | 20191224042317.0 | ||
| 008 | 161229b xxu||||| |||| 00| 0 spa d | ||
| 020 | _a9789589365168 | ||
| 040 |
_aCO-BoIAVH _cCO-BoIAVH |
||
| 041 | _aspa | ||
| 044 | _ack | ||
| 082 |
_a306.364 _bT85s |
||
| 100 | 1 |
_aRodríguez, Carlos Alberto _eAutor |
|
| 245 |
_aSistemas agrícolas - chagras y seguridad alimentaria. _bMonitoreos comunitarios para el manejo de los recursos naturales en la Amazonia Colombiana |
||
| 260 |
_aBogotá (Colombia) : _bFundación tropembos internacional Colombia, _c2010. |
||
| 300 |
_a55 Paginas _c28 x 21 |
||
| 650 | 1 | 6 | _aSeguridad alimentaria |
| 650 | 1 | 6 |
_aConservación de los recursos naturales _zColombia |
| 650 | 1 | 6 | _aComunidades indígenas |
| 942 |
_2ddc _cLIBRO |
||
| 999 |
_c19213 _d19213 |
||